|
|
|
|
| LEADER |
00000nam a2200000 a 4500 |
| 001 |
UCX9021 |
| 003 |
CL-VaPUC |
| 005 |
20211029101342.0 |
| 008 |
940511e19880000SP |||||||||||||||||spa|d |
| 999 |
|
|
|c 228376
|d 228374
|
| 020 |
|
|
|a 842060349X
|
| 040 |
|
|
|c Pontificia Universidad Católica de Valparaíso
|
| 082 |
0 |
4 |
|a 184
|b PLA
|2 21
|
| 100 |
0 |
|
|a Platón
|e author
|9 222
|
| 245 |
1 |
3 |
|a La república
|
| 260 |
|
|
|a Madrid
|b Alianza
|c 1988
|
| 300 |
|
|
|a 552 p
|
| 583 |
|
|
|a last modification
|c 19940511 00:00:00
|k Rodrigo Vera
|
| 600 |
0 |
7 |
|a PLATON
|2 CL-VaPUC
|9 222
|
| 650 |
|
0 |
|a Filosofía antigua
|9 255705
|
| 650 |
|
0 |
|a Ciencias Políticas
|9 255201
|
| 700 |
1 |
|
|a Pabón, José Manuel
|e traductor
|9 863920
|
| 700 |
1 |
|
|a Fernández-Galiano, Manuel
|e traductor
|9 863921
|
| 942 |
|
|
|c BK
|2 ddc
|
| 945 |
|
|
|d 19940511 00:00:00
|a aalvarez
|
| 952 |
|
|
|0 0
|1 0
|4 0
|6 184_000000000000000_PLA_1988
|7 0
|8 R
|9 228367
|a BIBEDU
|b BIBEDU
|c MCIRC
|d 2019-11-15
|i 2979780
|l 3
|o 184 PLA 1988
|p 2979780
|r 2024-08-09
|s 2024-08-07
|w 2019-11-15
|y BK_R
|k LIT
|